| 000 | 00659cam a2200193 4500 | ||
|---|---|---|---|
| 001 | WB3602-12 | ||
| 008 | 000000n2000 000 0 eng u | ||
| 035 | _a(Sirsi) u103549 | ||
| 245 | _aForget sales | ||
| 260 | _c 2000 | ||
| 490 |
_aIndependent _v12 January 2000, 2.2(2) |
||
| 520 | _aThere is a growing trend for recycling and leasing equipment to companies. This saves money for manufacturers on production and distribution costs and creates new opportunities for growth. | ||
| 590 | _aWB | ||
| 650 | _aRECYCLING | ||
| 650 | _aENVIRONMENTALLY FRIENDLY | ||
| 650 | _aOFFICE EQUIPMENT | ||
| 690 | _aENVIRONMENTAL AND LAND CONSULTANCY | ||
| 942 | _n0 | ||
| 999 |
_c62200 _d62200 |
||